Vista normal
Vista MARC
Entrada Topical Term
Número de registros utilizados en: 1
001 - CONTROL NUMBER
- control field: 65974
003 - CONTROL NUMBER IDENTIFIER
- control field: OSt
005 - DATE AND TIME OF LATEST TRANSACTION
- control field: 20251022203920.0
008 - FIXED-LENGTH DATA ELEMENTS
- fixed length control field: 251022|| aca||aabn | a|a d
040 ## - CATALOGING SOURCE
- Original cataloging agency: OSt
- Transcribing agency: OSt
150 ## - HEADING--TOPICAL TERM
- Topical term or geographic name entry element: Deportes
- General subdivision: Historia
- Form subdivision: Manuales, vademécum, etc
670 ## - SOURCE DATA FOUND
- Source citation: Work cat.: (OSt)59564: Cavenaghi, Silvia 1953- aut, El gran libro de los deportes /